El Prado (Record no. 184222)

MARC details
000 -LEADER
campo de control de longitud fija 01082nam a2200289 i 4500
001 - NÚMERO DE CONTROL
campo de control 184222
003 - IDENTIFICADOR DE NÚMERO DE CONTROL
campo de control ES-MaACL
005 - FECHA Y HORA DE LA ÚLTIMA TRANSACCIÓN
campo de control 20230906222118.0
008 - DATOS DE LONGITUD FIJA--INFORMACIÓN GENERAL
campo de control de longitud fija 150520s1973 sp ao e |||| | spa d
020 ## - NÚMERO INTERNACIONAL ESTÁNDAR DEL LIBRO
Número Internacional Estándar del Libro 84-7017-378-2
080 ## - NÚMERO DE LA CLASIFICACIÓN DECIMAL UNIVERSAL
Número de la Clasificación Decimal Universal 75:069(460.27 M.) Prado
100 1# - ENTRADA PRINCIPAL--NOMBRE DE PERSONA
Nombre de persona Pallucchini, Anna.
9 (RLIN) 156877
245 13 - MENCIÓN DEL TÍTULO
Título El Prado
Resto del título : Madrid /
Mención de responsabilidad, etc. [presentación de F. J. Sánchez Cantón ; textos de Anna Pallucchinni, Carlo Ludovico Ragghianti, Licia Ragghianti Collobi].
246 34 - FORMA VARIANTE DEL TITULO
Título propio/Titulo breve Enciclopedia de los museos
260 ## - PUBLICACIÓN, DISTRIBUCIÓN, ETC.
Lugar de publicación, distribución, etc. Barcelona :
Nombre del editor, distribuidor, etc. Argos,
Fecha de publicación, distribución, etc. [1973]
300 ## - DESCRIPCIÓN FÍSICA
Extensión 172 p. :
Otras características físicas il. col., fot. ;
Dimensiones 29 cm.
490 1# - MENCIÓN DE SERIE
Mención de serie Enciclopedia de los museos ;
Designación de volumen o secuencia 2
500 ## - NOTA GENERAL
Nota general Índices.
504 ## - NOTA DE BIBLIOGRAFÍA, ETC.
Nota de bibliografía, etc. Bibliografía: p. 168.
610 2# - PUNTO DE ACCESO ADICIONAL DE MATERIA--NOMBRE DE ENTIDAD CORPORATIVA
Nombre de entidad corporativa o nombre de jurisdicción como elemento de entrada Museo Nacional del Prado.
9 (RLIN) 160001
700 1# - ENTRADA AGREGADA--NOMBRE PERSONAL
Nombre de persona Ragghianti, Carlo Ludovico.
9 (RLIN) 156874
700 1# - ENTRADA AGREGADA--NOMBRE PERSONAL
Nombre de persona Ragghianti Collobi, Licia.
9 (RLIN) 156876
700 1# - ENTRADA AGREGADA--NOMBRE PERSONAL
Nombre de persona Sánchez Cantón, Francisco Javier,
Fechas asociadas al nombre 1891-1971
9 (RLIN) 102521
830 0# - PUNTO DE ACCESO ADICIONAL DE SERIE-TÍTULO UNIFORME
Título uniforme Enciclopedia de los museos ;
Designación de volumen o secuencia 2
9 (RLIN) 192084
852 ## - LOCALIZACIÓN
Ubicación ES-MaACL
Número de control de estantería E-15632
Nota libre - enc. guaflex
Holdings
Estatus retirado Estado de pérdida Estado de daño No para préstamo Biblioteca de origen Biblioteca actual Ubicación en estantería Fecha de adquisición Fuente de adquisición Total de préstamos Signatura topográfica completa Código de barras Visto por última vez Precio de reemplazo Tipo de ítem Koha
        Biblioteca del Ateneo de Madrid Biblioteca del Ateneo de Madrid Depósito 2 20/05/2015     E-15632 1193785 23/02/2023 23/02/2023 Libro impreso